000 00824pab a2200181 454500
008 180718b2001 xxu||||| |||| 00| 0 eng d
100 _aRao, K.S. Ramachandra
245 _aIndebtedness of households: changing characteristics
260 _c2001
300 _ap.1617-626
362 _a12 May
520 _aThis paper attempts to examine indebtedness of rural and urban households in terms of their major characteristics in 1981 and 1991. The important changes introduced in the All-India Debt and Investment Survey of 1991-92 are reviewed and a comparison of the estimates of household debt from the survey with those derived from other sources is presented. - Reproduced
650 _aHouseholds - India
650 _aDebts
700 _aTripathi, A.K.
773 _aEconomic and Political Weekly
909 _a48358
999 _c48358
_d48358